Java programming. / (Record no. 5573)
[ view plain ]
| 000 -LEADER | |
|---|---|
| fixed length control field | 01093nam a22001697a 4500 |
| 008 - FIXED-LENGTH DATA ELEMENTS--GENERAL INFORMATION | |
| fixed length control field | 150629b xxu||||| |||| 00| 0 eng d |
| 020 ## - INTERNATIONAL STANDARD BOOK NUMBER | |
| International Standard Book Number | 9781285081977 |
| 050 ## - LIBRARY OF CONGRESS CALL NUMBER | |
| Classification number | QA76.63.F37 |
| 100 ## - MAIN ENTRY--PERSONAL NAME | |
| Personal name | Farrell, Joyce. |
| 245 ## - TITLE STATEMENT | |
| Title | Java programming. / |
| Statement of responsibility, etc. | Joyce Farrell. |
| 250 ## - EDITION STATEMENT | |
| Edition statement | 7th ed. |
| 260 ## - PUBLICATION, DISTRIBUTION, ETC. | |
| Place of publication, distribution, etc. | Boston; |
| Name of publisher, distributor, etc. | Course Technology - Cengage Learning, |
| Date of publication, distribution, etc. | 2014. |
| 300 ## - PHYSICAL DESCRIPTION | |
| Extent | xxx,1084p. : |
| Other physical details | ills. ; |
| Dimensions | 25cm. |
| 500 ## - GENERAL NOTE | |
| General note | Includes glossary and index. |
| 505 ## - FORMATTED CONTENTS NOTE | |
| Formatted contents note | Contents: Creating java programs -- Using methods, classes, and objectives -- More object concepts -- Making decisions -- Looping -- Characters, strings, and the stringbuilder -- Arrays -- Advanced array concepts -- Introduction to inheritance -- Advanced inheritance concepts -- Exception handling -- File input and output -- Introduction to swing components -- Advanced gui topics -- Graphics -- Applets, images, and sound -- Appendix A: Working with the java platform -- Appendix B: Learning about data representation -- Appendix C: Formatting output -- Appendix D: Generating random numbers -- Appendix E: Javadoc. |
| 942 ## - ADDED ENTRY ELEMENTS (KOHA) | |
| Source of classification or shelving scheme | Library of Congress Classification |
| Koha item type | Books |
| Withdrawn status | Lost status | Source of classification or shelving scheme | Damaged status | Not for loan | Home library | Current library | Shelving location | Date acquired | Total Checkouts | Full call number | Barcode | Date last seen | Price effective from | Koha item type |
|---|---|---|---|---|---|---|---|---|---|---|---|---|---|---|
| Library of Congress Classification | WISCONSIN INTERNATIONAL UNIVERSITY COLLEGE, GHANA - MAIN LIBRARY | WISCONSIN INTERNATIONAL UNIVERSITY COLLEGE, GHANA - MAIN LIBRARY | Reference | 29/06/2015 | QA76.63.F37 | 7830/257/15 | 29/06/2015 | 29/06/2015 | Books |
